000
00229nam a2200121Ia 4500
100
_a
#N/A
942
_c
BK
245
_a
A Course in Listening & Speaking
260
_b
#N/A
082
_b
21634
546
_a
ENGLISH
999
_c
22928
_d
22928